| 000 | 01263nam a22002777a 4500 | ||
|---|---|---|---|
| 008 | 160525b xxu||||| |||| 00| 0 eng d | ||
| 082 |
_a708 _bD224i |
||
| 100 |
_aHans-Michael Herzog; Katrin Steffen; _95012 |
||
| 110 |
_a Casa Daros (Rio de Janeiro, Brazil) _95013 |
||
| 245 |
_aIlusões = Illusions = Ilusiones _c Hans-Michael Herzog; Katrin Steffen; Casa Daros (Rio de Janeiro, Brazil) |
||
| 260 |
_aRio de Janeiro _bDaros Latinamerica AG : Casa Daros _c2014 |
||
| 300 |
_a40 unnumbered pages _b illustrations (some color) _c21 cm |
||
| 505 |
_tLuis Camnitzer -- _tLos Carpinteros -- _tJosé Damasceno -- _tMauricio Alejo -- _tLeandro Erlich -- _tLiliana Porter -- _tTeresa Serrano -- _tFernando Pareja & Leidy Chavez - _tJosé Toirac. |
||
| 650 |
_aExhibicones _vPercepción - Representación _xarte latinoamericano _95014 |
||
| 700 |
_aHans-Michael Herzog _95015 |
||
| 700 |
_a Katrin Steffen _95016 |
||
| 700 |
_aLuis Camnitzer -- _95017 |
||
| 700 |
_aLos Carpinteros -- _95018 |
||
| 700 |
_aJosé Damasceno -- _95019 |
||
| 700 |
_aMauricio Alejo -- _95020 |
||
| 700 |
_aLeandro Erlich -- _95021 |
||
| 700 |
_aLiliana Porter -- _95022 |
||
| 700 |
_aTeresa Serrano -- _95023 |
||
| 700 |
_aFernando Pareja & Leidy Chavez - _95024 |
||
| 700 |
_aJosé Toirac. _95025 |
||
| 999 |
_c914 _d914 |
||